[Event "NOR-ch Class4"]
[Site "Lillehammer"]
[Date "2013.06.29"]
[Round "2"]
[White "Balas, Georg"]
[Black "Samskott, Arne"]
[Result "0-1"]
[WhiteElo "1171"]
[BlackElo "1082"]
[PlyCount "74"]
[EventDate "2013.06.29"]
[EventType "swiss"]
[EventRounds "9"]
[EventCountry "NOR"]
[SourceTitle "EXT 2017"]
[Source "ChessBase"]
[SourceDate "2016.10.25"]
[SourceVersion "1"]
[SourceVersionDate "2016.10.25"]
[SourceQuality "1"]

1. d4 d5 2. c4 dxc4 3. Nc3 c6 4. e4 e6 5. Bxc4 b5 6. Bb3 Bb7 7. a3 Bd6 8. Nf3 h6 9. 0-0 Ne7 10. Re1 0-0 11. Bc2 Nd7 12. Qd3 e5 13. d5 Nc5 14. Qe3 a6 15. Nxe5 Bxe5 16. Qxc5 Bd6 17. Qe3 cxd5 18. exd5 Nxd5 19. Nxd5 Bxd5 20. Qd3 g6 21. g3 Bc4 22. Qc3 Kh7 23. b3 Be6 24. Qe3 Qg5 25. Qxg5 hxg5 26. Bxg5 Rac8 27. Be4 Bxb3 28. Bb7 Rb8 29. Bxa6 Rb6 30. Reb1 Ba4 31. Bxb5 Rxb5 32. Rxb5 Bxb5 33. a4 Be5 34. Ra2 Bc6 35. a5 Rb8 36. h4 Rb1+ 37. Kh2 Rh1# 0-1

[Event "NOR-ch Class4"]
[Site "Lillehammer"]
[Date "2013.06.29"]
[Round "3"]
[White "Samskott, Arne"]
[Black "Lillesand, Svein Arne"]
[Result "0-1"]
[WhiteElo "1082"]
[BlackElo "1087"]
[PlyCount "90"]
[EventDate "2013.06.29"]
[EventType "swiss"]
[EventRounds "9"]
[EventCountry "NOR"]
[SourceTitle "EXT 2017"]
[Source "ChessBase"]
[SourceDate "2016.10.25"]
[SourceVersion "1"]
[SourceVersionDate "2016.10.25"]
[SourceQuality "1"]

1. e4 c5 2. Bc4 e6 3. Nc3 Nc6 4. Nf3 Be7 5. d3 d6 6. Be3 Nf6 7. h3 0-0 8. a3 a6 9. 0-0 Qc7 10. Qd2 b5 11. Ba2 Bb7 12. Rab1 Rfd8 13. Qe2 d5 14. exd5 exd5 15. Bd2 c4 16. dxc4 dxc4 17. Rbd1 Bc5 18. Be3 Re8 19. Nd5 Nxd5 20. Rxd5 Bxe3 21. fxe3 Nb4 22. Rd4 Nxa2 23. Ra1 Qe7 24. Rxa2 Qxe3+ 25. Qxe3 Rxe3 26. Ra1 Bxf3 27. gxf3 Rxf3 28. Rad1 g6 29. Kg2 Re3 30. R1d2 Rae8 31. Rf2 Re2 32. Kf1 Rxf2+ 33. Kxf2 Re6 34. Rd8+ Kg7 35. Rd7 g5 36. Rd5 f6 37. Rd2 Kg6 38. Kg3 Re3+ 39. Kg2 Re6 40. Kf3 h5 41. Rg2 f5 42. h4 g4+ 43. Kf4 Re4+ 44. Kg3 f4+ 45. Kf2 f3 0-1